Die Top 16 der PDC Order of Merit 2007 - Statistiken

Allgemein
  • Dieses Quiz wurde 13 mal gespielt
  • Das Durchschnittsergebnis liegt bei 9 aus 16
Antwortstatistiken
Weltranglistenplatz Land Dartsspieler % Korrekt
1 England Phil Taylor
100%
2 Niederlande Raymond van Barneveld
82%
11 England Colin Lloyd
64%
10 Kanada John Part
64%
5 England Adrian Lewis
55%
9 England Dennis Priestley
55%
3 England James Wade
55%
14 England Kevin Painter
55%
7 Niederlande Roland Scholten
55%
13 England Ronnie Baxter
55%
15 England Andy Jenkins
45%
12 Wales Barrie Bates
45%
4 England Terry Jenkins
45%
8 England Wayne Mardle
45%
6 England Andy Hamilton
36%
16 England Alan Tabern
18%
Keine übereinstimmenden Quizze gefunden
Verteilung der Resultate
Anzahl Personen mit jedem Resultat
Perzentil nach korrekt beantworteten Fragen
Ihre Resultats-Entwicklung
Sie haben dieses Quiz noch nicht gespielt